000 00822nam a22002417a 4500
001 48805
003 BD-RjUL
005 20211209054604.0
008 160816s1966 bg ||||| |||| 00| 0 ben d
020 _c: Tk.250.00
035 _a(BD-RjUL)48924
040 _aBD-RjUL
_bben
_cBD-RjUL
_dBD-RjUL
041 _aben
082 _223
_a891.442
_bFAQ 1966
100 _aফজল, আবুল
_9147157
245 1 0 _aকায়েদে আজম :
_bপঞ্চাঙ্ক নাটক /
_cআবুল ফজল
250 _a৫ ম সং.
260 _aচট্রগ্রাম :
_bশাহীন বুক ক্লাব,
_c১৯৬৬
300 _a১৫১ পৃ. ;
_c২১ সেমি.
650 _aসাহিত্য
_vনাটক
_9147102
650 _aLiterature
_vDrama
_9147103
942 _2ddc
_cBK
999 _c48805
_d48805